"Moja rodina je môj život"

Bibliographic Details
Main Authors: (et) (ain), Agassi, Andre, 1970- (Author, uin)
Format: Article
Language:Slovak
PhysicalDescription:Fotogr.
ISSN:0139-7001
Subjects:

MARC

LEADER 00000nab a2200000 a 4500
001 vtls000812613
003 SK-MaSNL
005 20260302165343.0
008 160321c2002 xo 0 slo
015 |a SNBRB2002/11-35180 
035 |a CLN000164268 
040 |a SNKBUCL  |b slo  |c SNKBUCL  |e AACR2 
041 0 |a slo 
044 |a xo  |c SK 
080 |a 796.342.071.2  |2 UDC-MRF-SK2 
100 0 |a (et)  |4 ain  |9 839514 
245 1 0 |a "Moja rodina je môj život"  |c [zhováral sa] (et) 
300 |b Fotogr. 
600 1 7 |a Agassi, Andre,  |d 1970-  |2 snkbucl  |9 237828 
655 7 |a články z novín a časopisov  |2 snkbucl  |9 267496 
700 1 |a Agassi, Andre,  |d 1970-  |4 aut  |4 uin  |9 237828 
773 0 |x 0139-7001  |t Šport  |g Roč. 56, č. 249 (25.10.2002), s. 38 
850 |a Slovenská národná knižnica v Martine 
852 |a SNK  |b KIS3GCP 
958 |a BC 
958 |a RBX 
999 |c 1389709  |d 1391639